000 00944nam a22002177a 4500
003 OSt
005 20260313021838.0
008 260313b |||||||| |||| 00| 0 eng d
020 _a0-553-21313-x
040 _aDWCL GS lib
_cOC
082 _aM767a 1998
100 _aMONTGOMERY, L.M.
245 _aAnne of green gables
_cL.M. MONTGOMERY
260 _aNew York
_bBantam Books
_c1998
300 _a308 p
_c17 cm
520 _aa classic 1908 coming-of-age story about Anne Shirley, an imaginative, red-haired, 11-year-old orphan mistakenly sent to live with elderly siblings Marilla and Matthew Cuthbert on Prince Edward Island.
650 _aHer story is set in the fictional village of Avonlea on Prince Edward Island during the late 19th and early 20th centuries.
650 _ait offers several profound life lessons about resilience, imagination, and the power of a positive outlook
700 _aL.M. MONTGOMERY
942 _2ddc
_cFIC.
_n0
999 _c9092
_d9092